000 00445nam a22001697a 4500
005 20180719121633.0
008 160526b xxu||||| |||| 00| 0 eng d
020 _a0-07-048-669-7
041 _aeng
082 _b5322
_a658.1599
100 _aEun , Cheol S & Resnick, Bruce G.
_94563
245 _aInternational Financial Management
260 _aNew Delhi
_bAcademic Faundation
300 _a495p,
650 _aManagement
_9241
942 _cBK
999 _c1873
_d1872